| 000 | 00866cab a2200229 4500 | ||
|---|---|---|---|
| 001 | WB2708-16 | ||
| 008 | 090401t1991 xxu||||| |||| 00| 0 eng d | ||
| 035 | _a(Sirsi) u14272 | ||
| 041 | _aeng | ||
| 245 | _aGolf destroying heritage | ||
| 260 | _c1991 | ||
| 350 | _a0 | ||
| 490 |
_aBuilding _vDesign no 1022 15/2/91 p5(2) |
||
| 520 | _aCall by English Heritage for planning authorities to refuse golf course development s threatening to ruin listed buildings and historic parks . Georgian Group and Garden History Society want guidelines for advising developers on building sensitive schemes. Cites a number of controversial schemes currently under discussion. | ||
| 650 | _aDOE | ||
| 650 | _aHISTORIC LANDSCAPES | ||
| 650 | _aLEISURE | ||
| 650 | _aREGISTER OF PARKS AND GARDENS OF SPECIAL INTEREST | ||
| 690 | _aCON | ||
| 942 | _n0 | ||
| 948 | _c04/03/1997 | ||
| 999 |
_c9276 _d9276 |
||